[Event "WA Class 2006 - Master/Expert"]
[Site "Seattle"]
[Date "2006.11.26"]
[Round "5"]
[White "Rupel, David"]
[Black "Wu, Darren"]
[Result "1-0"]
[WhiteElo "2056"]
[BlackElo "1841"]
[PlyCount "95"]
[EventDate "2006.11.??"]
[Source "Drayton Harriso"]
[SourceDate "2006.12.04"]

1. d4 d6 2. e4 Nf6 3. Nc3 g6 4. g3 Bg7 5. Bg2 c6 6. Nge2 O-O 7. O-O b5 8. e5
dxe5 9. dxe5 Ng4 10. Qxd8 Rxd8 11. Nxb5 Bxe5 12. f4 Ba6 13. c4 Bd6 14. Nxd6
Rxd6 15. b3 Bb7 16. Bf3 Nf6 17. Ba3 Rd7 18. Rad1 e6 19. g4 h6 20. g5 hxg5 21.
fxg5 Nh7 22. h4 a5 23. Nc3 Ra7 24. Ne4 Ba8 25. Nc5 Rxd1 26. Rxd1 Nd7 27. Rxd7
Rxd7 28. Nxd7 Bb7 29. Ne5 f6 30. gxf6 Nxf6 31. Bxc6 Bxc6 32. Nxc6 Ne4 33. Ne5
Kg7 34. c5 Nc3 35. c6 Nb5 36. Be7 a4 37. bxa4 Na7 38. a5 Nc8 39. a6 Kh6 40. Bc5
Kg7 41. a7 Nxa7 42. Bxa7 Kf6 43. c7 Kxe5 44. c8=Q Kf4 45. Qd8 e5 46. Qg5+ Ke4
47. Qxg6+ Kd5 48. h5 1-0

[Event "WA Class 2006 - Master/Expert"]
[Site "Seattle"]
[Date "2006.11.25"]
[Round "3"]
[White "Bartron, Paul"]
[Black "Davies, Noam"]
[Result "0-1"]
[WhiteElo "2140"]
[BlackElo "2042"]
[PlyCount "100"]
[EventDate "2006.11.??"]
[Source "Drayton Harriso"]
[SourceDate "2006.12.04"]

1. e4 c5 2. Nf3 e6 3. d4 cxd4 4. Nxd4 a6 5. c3 Qc7 6. Be3 Nf6 7. Nd2 b5 8. a4
bxa4 9. Qxa4 Bb7 10. Be2 Be7 11. O-O O-O 12. f4 d6 13. Bf3 Nbd7 14. Rfc1 Rfc8
15. b4 Nb6 16. Qa5 Nc4 17. Qxc7 Rxc7 18. Nxc4 Rxc4 19. e5 Nd5 20. Bd2 dxe5 21.
fxe5 Bxb4 22. Ra4 Rxd4 23. cxd4 Bxd2 24. Rb1 Nc3 25. Bxb7 Rb8 26. Rab4 a5 27.
R4b2 Nxb1 28. Rxb1 a4 29. Kf2 Bc3 30. Be4 Bxd4+ 31. Kf3 Rxb1 32. Bxb1 Bxe5 33.
h3 f5 34. Ba2 Kf7 35. Ke3 Kf6 36. Kd3 g5 37. Kc4 Bd6 38. Kb5 a3 39. Kc6 Bf8 40.
Kb5 g4 41. hxg4 fxg4 42. Kc4 h5 43. Kd3 h4 44. Ke3 Bd6 45. Ke4 h3 46. gxh3 gxh3
47. Kf3 h2 48. Kg2 Bf4 49. Bb3 e5 50. Bd5 e4 0-1

[Event "WA Class 2006 - Master/Expert"]
[Site "Seattle"]
[Date "2006.11.26"]
[Round "6"]
[White "Davies, Noam"]
[Black "Calpo, Benjamin"]
[Result "1-0"]
[WhiteElo "2042"]
[BlackElo "2018"]
[PlyCount "111"]
[EventDate "2006.11.??"]
[Source "Drayton Harriso"]
[SourceDate "2006.12.04"]

1. e4 e5 2. Nf3 Nc6 3. Bb5 a6 4. Ba4 Nf6 5. O-O Be7 6. Re1 b5 7. Bb3 d6 8. c3
Na5 9. Bc2 c5 10. h3 O-O 11. d4 Qc7 12. d5 Nc4 13. b3 Nb6 14. Nbd2 c4 15. Bb2
g6 16. Nf1 Nh5 17. Ne3 Bd7 18. Nd2 Nf4 19. bxc4 bxc4 20. Ba3 f5 21. Kh2 Nd3 22.
Rf1 fxe4 23. Nxe4 Nf4 24. Ng4 Rf5 25. Nh6+ Kh8 26. Nxf5 gxf5 27. Ng3 Rg8 28.
Rg1 Rg5 29. Bc1 Nbxd5 30. Ne2 Rg6 31. Nxf4 Nxf4 32. g3 Nd3 33. Bxd3 cxd3 34.
Qxd3 Be6 35. Be3 Qc8 36. a4 Bc4 37. Qc2 Bd5 38. Rac1 Be4 39. Qb3 Qf8 40. f4 Rg8
41. Rcd1 Qc8 42. Rd2 Ba8 43. Rf2 Be4 44. Qb4 Qe6 45. Rd2 Rc8 46. Rgd1 Rc6 47.
fxe5 dxe5 48. Rd8+ Kg7 49. R8d7 Kf6 50. Rxe7 Qa2+ 51. Rd2 a5 52. Qb7 Qg8 53.
Qd7 f4 54. Rd6+ Rxd6 55. Qxd6+ Kg5 56. Qxe5+ 1-0

[Event "WA Class 2006 - Master/Expert"]
[Site "Seattle"]
[Date "2006.11.26"]
[Round "6"]
[White "Gale, Geoff"]
[Black "Bartron, Paul"]
[Result "1-0"]
[WhiteElo "2019"]
[BlackElo "2140"]
[PlyCount "81"]
[EventDate "2006.11.??"]
[Source "Drayton Harriso"]
[SourceDate "2006.12.04"]

1. e4 e5 2. Nf3 Nc6 3. d4 exd4 4. Nxd4 Bc5 5. Be3 Nxd4 6. Bxd4 Bxd4 7. Qxd4 Qf6
8. e5 Qg6 9. Nc3 Ne7 10. O-O-O Qb6 11. Qxb6 axb6 12. Nb5 O-O 13. Bc4 c6 14. Nd6
Ng6 15. Rhe1 Ra5 16. Bb3 Rxe5 17. Rxe5 Nxe5 18. Re1 Ng4 19. f3 Nf6 20. Re7 h6
21. Bxf7+ Kh7 22. h4 b5 23. h5 b6 24. b4 Nd5 25. Bxd5 cxd5 26. Kd2 Kg8 27. Ke3
Rd8 28. Kd4 Ba6 29. Kxd5 Kf8 30. Rf7+ Kg8 31. f4 Rc8 32. Nxc8 Kxf7 33. Nd6+ Kf6
34. g4 Ke7 35. Ke5 Kd8 36. g5 Kc7 37. Ne8+ Kd8 38. Nxg7 Bb7 39. gxh6 Ke7 40. h7
Kf7 41. h8=Q 1-0

[Event "WA Class 2006 - Master/Expert"]
[Site "Seattle"]
[Date "2006.11.26"]
[Round "5"]
[White "Bartron, Paul"]
[Black "Cloy, Elston"]
[Result "1/2-1/2"]
[WhiteElo "2140"]
[BlackElo "1955"]
[PlyCount "51"]
[EventDate "2006.11.??"]
[Source "Drayton Harriso"]
[SourceDate "2006.12.04"]

1. e4 e5 2. Nf3 Nc6 3. Bb5 a6 4. Ba4 Nf6 5. O-O b5 6. Bb3 Be7 7. d4 d6 8. d5
Na5 9. Nbd2 O-O 10. Re1 Ne8 11. c4 Nxb3 12. axb3 bxc4 13. bxc4 g6 14. Nb3 f5
15. Na5 Bd7 16. Bh6 Ng7 17. Nc6 Qe8 18. Na5 Bf6 19. Bg5 Qf7 20. c5 fxe4 21.
Rxe4 Bf5 22. Rea4 e4 23. Bxf6 Qxf6 24. Nd2 Qxb2 25. cxd6 cxd6 26. Nac4 1/2-1/2

[Event "WA Class 2006 - Master/Expert"]
[Site "Seattle"]
[Date "2006.11.25"]
[Round "3"]
[White "Cloy, Elston"]
[Black "Jiang, Louie"]
[Result "1-0"]
[WhiteElo "1955"]
[BlackElo "2089"]
[PlyCount "49"]
[EventDate "2006.11.??"]
[Source "Drayton Harriso"]
[SourceDate "2006.12.04"]

1. d4 d5 2. c4 e6 3. Nc3 Nf6 4. cxd5 exd5 5. Bf4 c6 6. e3 Bf5 7. Nge2 Nbd7 8.
Ng3 Bg6 9. h4 h5 10. Bd3 Bxd3 11. Qxd3 g6 12. O-O-O Be7 13. f3 Qa5 14. e4 dxe4
15. fxe4 O-O 16. Kb1 Rfd8 17. Qf3 Ng4 18. Bc1 Rf8 19. Nge2 Rac8 20. Nf4 Kh7 21.
e5 c5 22. Ncd5 Qd8 23. Nxh5 gxh5 24. Qf5+ Kg8 25. Qxh5 1-0

[Event "WA Class 2006 - Master/Expert"]
[Site "Seattle"]
[Date "2006.11.??"]
[Round "4"]
[White "Neufahrt, Gerry"]
[Black "Bartron, Paul"]
[Result "0-1"]
[WhiteElo "2000"]
[BlackElo "2140"]
[PlyCount "74"]
[EventDate "2006.11.??"]
[Source "Drayton Harriso"]
[SourceDate "2006.12.04"]

1. d4 Nf6 2. Bf4 d5 3. Nf3 c6 4. e3 Bg4 5. h3 Bh5 6. g4 Bg6 7. Ne5 Qb6 8. b3
Ne4 9. a3 Nd7 10. f3 Nxe5 11. Bxe5 Nd6 12. Bxd6 exd6 13. Bd3 Be7 14. h4 Qd8 15.
h5 Bh4+ 16. Kf1 Bxd3+ 17. Qxd3 O-O 18. f4 h6 19. Nd2 f5 20. Nf3 Be7 21. gxf5
Qd7 22. Nh4 Bxh4 23. Rxh4 Rxf5 24. Kf2 Qf7 25. Qe2 Re8 26. Qf3 c5 27. dxc5 Qf6
28. Qh3 dxc5 29. Rg1 d4 30. Rg6 dxe3+ 31. Ke2 Qc3 32. Qg2 Qxc2+ 33. Kf3 Qd1+
34. Qe2 Qxb3 35. Rhg4 Re7 36. Rxh6 c4 37. Kg3 Qd3 0-1

[Event "WA Class 2006 - Master/Expert"]
[Site "Seattle"]
[Date "2006.11.26"]
[Round "5"]
[White "Rozenfeld, Yevgeniy"]
[Black "Jiang, Louie"]
[Result "0-1"]
[WhiteElo "2036"]
[BlackElo "2089"]
[PlyCount "56"]
[EventDate "2006.11.??"]
[Source "Drayton Harriso"]
[SourceDate "2006.12.04"]

1. e4 c5 2. Nf3 d6 3. d4 cxd4 4. Nxd4 Nf6 5. Nc3 g6 6. Be3 Bg7 7. f3 O-O 8. Qd2
Nc6 9. Bc4 Bd7 10. O-O-O Rb8 11. g4 b5 12. Bb3 Nxd4 13. Bxd4 a5 14. g5 Nh5 15.
Bxg7 Nxg7 16. e5 a4 17. Bd5 e6 18. Be4 b4 19. Ne2 d5 20. Bd3 Qc7 21. f4 b3 22.
a3 bxc2 23. Bxc2 Rb7 24. Qc3 Qb8 25. Rd4 Rc8 26. Qa5 Rxb2 27. Nc3 Nf5 28. Rd2
d4 0-1

[Event "WA Class 2006 - A Section"]
[Site "Seattle"]
[Date "2006.11.24"]
[Round "1"]
[White "Ummel, Igor"]
[Black "Hosford, Michael"]
[Result "1/2-1/2"]
[WhiteElo "1648"]
[BlackElo "1829"]
[PlyCount "113"]
[EventDate "2006.11.??"]
[Source "Drayton Harriso"]
[SourceDate "2006.12.04"]

1. f4 d5 2. b3 Nf6 3. Nf3 Bg4 4. e3 Nbd7 5. Bb2 c6 6. Be2 e6 7. O-O Bd6 8. Ne5
Bxe2 9. Qxe2 Qc7 10. d4 Ne4 11. Nd2 Ndf6 12. Ndf3 O-O 13. c4 a5 14. c5 Be7 15.
Ne1 a4 16. b4 a3 17. Bc1 Nc3 18. Qc2 Nfe4 19. Bd2 Nb5 20. N1d3 f6 21. Ng4 Qb8
22. Ngf2 Qe8 23. Nc1 Nxd2 24. Qxd2 Bd8 25. Nfd3 Bc7 26. Ne2 e5 27. Nc3 Nxc3 28.
Qxc3 e4 29. Ne1 Ra4 30. Nc2 Qa8 31. Rab1 Qa6 32. Rb3 Ra8 33. Rf2 f5 34. Qd2 b5
35. Qc1 Qa7 36. Ne1 Qb8 37. Rc2 g5 38. g3 gxf4 39. exf4 Kf7 40. Rcc3 Qh8 41.
Nc2 Bd8 42. Kf2 Bf6 43. Ke3 h5 44. Rxa3 h4 45. Rxa4 Rxa4 46. Ra3 Qa8 47. Rxa4
Qxa4 48. Qb2 hxg3 49. hxg3 Ke6 50. Kd2 Qa8 51. Qb3 Qh8 52. a4 bxa4 53. Qxa4
Qh2+ 54. Kc1 Qg1+ 55. Kd2 Qf2+ 56. Kc1 Qg1+ 57. Kd2 1/2-1/2

[Event "WA Class 2006 - A Section"]
[Site "Seattle"]
[Date "2006.11.24"]
[Round "1"]
[White "Polich, Duane"]
[Black "Opalewski, Brian"]
[Result "0-1"]
[WhiteElo "1939"]
[BlackElo "1726"]
[PlyCount "68"]
[EventDate "2006.11.??"]
[Source "Drayton Harriso"]
[SourceDate "2006.12.04"]

1. b3 c5 2. Bb2 Nc6 3. f4 d6 4. Nf3 Nf6 5. e3 g6 6. a4 Bg7 7. Na3 O-O 8. Nc4
Bg4 9. Be2 Qc7 10. O-O Rfe8 11. h3 Bd7 12. d4 cxd4 13. exd4 Rac8 14. c3 Nd5 15.
Ne1 Na5 16. Nxa5 Nxc3 17. Qd2 Nxe2+ 18. Kh2 Nxd4 19. b4 Ne6 20. Bxg7 Kxg7 21.
Nb3 b6 22. Rc1 Qd8 23. b5 Nf8 24. Qd4+ f6 25. Nd3 Be6 26. Nd2 Qd7 27. Nb4 Rxc1
28. Rxc1 Rc8 29. Re1 Bf7 30. Nd5 e5 31. fxe5 dxe5 32. Rxe5 Qd6 33. Nf3 fxe5 34.
Nxe5 Re8 0-1

[Event "WA Class 2006 - A Section"]
[Site "Seattle"]
[Date "2006.11.??"]
[Round "1"]
[White "Caluza, Severo"]
[Black "Wilson, Matthew"]
[Result "1/2-1/2"]
[WhiteElo "1834"]
[BlackElo "1789"]
[PlyCount "83"]
[EventDate "2006.11.??"]
[Source "Drayton Harriso"]
[SourceDate "2006.12.04"]

1. c4 c5 2. Nf3 Nf6 3. Nc3 e6 4. e4 d6 5. d4 cxd4 6. Nxd4 a6 7. Be2 Be7 8. O-O
O-O 9. Be3 Qc7 10. Rc1 b6 11. Qd3 Nbd7 12. f4 Bb7 13. b4 d5 14. cxd5 Bxb4 15.
dxe6 Nc5 16. Qc4 Bxc3 17. Rxc3 Bxe4 18. exf7+ Qxf7 19. Qxf7+ Kxf7 20. Bc1 Rac8
21. Ba3 Rfd8 22. Nf3 Bxf3 23. Bxf3 Nce4 24. Re3 Nd2 25. Re7+ Kg8 26. Rfe1 Nxf3+
27. gxf3 Rc3 28. Bb2 Rxf3 29. Be5 Ra3 30. Re2 Rad3 31. Bxf6 gxf6 32. Ra7 Rd1+
33. Kf2 R1d2 34. Rxa6 Rxe2+ 35. Kxe2 Rd4 36. Ke3 Rb4 37. Ra7 Rb2 38. h3 Rh2 39.
Ke4 Rxh3 40. Kf5 Rf3 41. Ke6 Rxf4 42. Rb7 1/2-1/2

[Event "WA Class 2006 - A Section"]
[Site "Seattle"]
[Date "2006.11.??"]
[Round "1"]
[White "Manber, Devon"]
[Black "Grant, Peter"]
[Result "1-0"]
[WhiteElo "1773"]
[BlackElo "1944"]
[PlyCount "85"]
[EventDate "2006.11.??"]
[Source "Drayton Harriso"]
[SourceDate "2006.12.04"]

1. e4 c5 2. Nf3 Nc6 3. d4 cxd4 4. Nxd4 g6 5. Nc3 Bg7 6. Be3 Nf6 7. h3 d6 8. Bc4
a6 9. O-O O-O 10. Bb3 Na5 11. f4 Nxb3 12. axb3 Bd7 13. f5 Bc6 14. Qf3 Nd7 15.
Qg4 Nf6 16. Qh4 d5 17. e5 Ne4 18. Nxe4 dxe4 19. Nxc6 bxc6 20. Rad1 Qc7 21. f6
exf6 22. exf6 Bh8 23. Qxe4 Rfe8 24. Qd4 Rad8 25. Qc3 h5 26. Bc5 Rxd1 27. Rxd1
Qf4 28. Rf1 Qg5 29. Bd4 Qd5 30. Qc4 Qxc4 31. bxc4 Re2 32. Rf2 Re6 33. Kf1 Kf8
34. Bc5+ Ke8 35. Be7 Kd7 36. c5 Kc7 37. g4 hxg4 38. hxg4 Re4 39. g5 Re3 40.
Bd6+ Kd7 41. Re2 Rh3 42. Re7+ Kd8 43. Rxf7 1-0

[Event "WA Class 2006 - A Section"]
[Site "Seattle"]
[Date "2006.11.24"]
[Round "2"]
[White "Opalewski, Brian"]
[Black "Gay, Daniel"]
[Result "1/2-1/2"]
[WhiteElo "1726"]
[BlackElo "1867"]
[PlyCount "89"]
[EventDate "2006.11.??"]
[Source "Drayton Harriso"]
[SourceDate "2006.12.04"]

1. Nf3 Nf6 2. c4 g6 3. b4 Bg7 4. Bb2 O-O 5. g3 d6 6. Bg2 e5 7. d3 Nc6 8. b5 Ne7
9. O-O Nd7 10. Qc2 f5 11. Nbd2 Rb8 12. a4 h6 13. Nb3 b6 14. a5 g5 15. axb6 axb6
16. Ra7 g4 17. Nfd2 Bf6 18. Bd5+ Kg7 19. f4 h5 20. Bg2 Rh8 21. e4 h4 22. exf5
Qe8 23. Qd1 Qh5 24. fxe5 Nxe5 25. Ne4 Bxf5 26. Nxf6 Kxf6 27. Qe1 Rbc8 28. Nd2
Rh7 29. Ne4+ Kg6 30. Bxe5 dxe5 31. Qe3 Qh6 32. Qf2 h3 33. Bh1 Rf7 34. Qb2 Qe3+
35. Rf2 Bxe4 36. Bxe4+ Kh6 37. Qd2 Qxd2 38. Rxd2 Rcf8 39. Ra1 Nf5 40. Rf2 Nd4
41. Rxf7 Rxf7 42. Re1 Kg7 43. Bd5 Rf5 44. Be4 Rf6 45. Bd5 1/2-1/2

[Event "WA Class 2006 - A Section"]
[Site "Seattle"]
[Date "2006.11.24"]
[Round "2"]
[White "Wilson, Matthew"]
[Black "Banner, Richard"]
[Result "1-0"]
[WhiteElo "1789"]
[BlackElo "1821"]
[PlyCount "81"]
[EventDate "2006.11.??"]
[Source "Drayton Harriso"]
[SourceDate "2006.12.04"]

1. e4 Nf6 2. e5 Nd5 3. d4 d6 4. exd6 exd6 5. Nf3 Be7 6. Be2 Nc6 7. O-O Bf5 8.
a3 a5 9. c4 Nb6 10. b3 Bf6 11. Be3 O-O 12. h3 h6 13. Bd3 Qd7 14. Nc3 Rfe8 15.
Qc2 Bxd3 16. Qxd3 Rad8 17. Rad1 Nc8 18. Nd5 Be7 19. Nxe7+ Qxe7 20. Rfe1 Qf6 21.
Bd2 b6 22. Bc3 Re7 23. Rxe7 N6xe7 24. d5 Qg6 25. Nd4 Qxd3 26. Rxd3 g6 27. f4
Rd7 28. b4 axb4 29. axb4 Kh7 30. Kf1 Na7 31. b5 Nac8 32. g4 Ng8 33. Nf3 f6 34.
Nd4 Kg7 35. Ne6+ Kf7 36. Rf3 Nce7 37. Bb2 f5 38. g5 h5 39. h4 Nc8 40. Ra3 Nce7
41. Ra8 1-0

[Event "WA Class 2006 - A Section"]
[Site "Seattle"]
[Date "2006.11.24"]
[Round "2"]
[White "Bond, Robert"]
[Black "Ummel, Igor"]
[Result "1-0"]
[WhiteElo "1983"]
[BlackElo "1648"]
[PlyCount "51"]
[EventDate "2006.11.??"]
[Source "Drayton Harriso"]
[SourceDate "2006.12.04"]

1. d4 Nf6 2. Nf3 e6 3. e3 c5 4. Bd3 d5 5. c3 Nbd7 6. Nbd2 b6 7. e4 dxe4 8. Nxe4
Bb7 9. Qe2 cxd4 10. Nxd4 Nxe4 11. Bxe4 Nc5 12. Bxb7 Nxb7 13. O-O Bc5 14. Rd1
Bxd4 15. Rxd4 Qc7 16. Qb5+ Ke7 17. Bf4 Qc8 18. Qg5+ Kf8 19. Rad1 f6 20. Qh5 Qe8
21. Qf3 Nc5 22. Bd6+ Kf7 23. Bxc5 bxc5 24. Rd7+ Kf8 25. Qg3 g6 26. Qh4 1-0

[Event "WA Class 2006 - A Section"]
[Site "Seattle"]
[Date "2006.11.25"]
[Round "3"]
[White "Baker, Sebastian"]
[Black "Wilson, Matthew"]
[Result "1-0"]
[WhiteElo "1719"]
[BlackElo "1789"]
[PlyCount "97"]
[EventDate "2006.11.??"]
[Source "Drayton Harriso"]
[SourceDate "2006.12.04"]

1. d4 Nf6 2. Bf4 e6 3. e3 b6 4. Nd2 Bb7 5. Ngf3 c5 6. c3 Be7 7. Bd3 cxd4 8.
exd4 O-O 9. O-O d6 10. Re1 Nbd7 11. Qc2 Re8 12. Bg3 Bf8 13. Bh4 Be7 14. Bg3 Bf8
15. Ng5 g6 16. Ngf3 Rc8 17. a4 a6 18. Bh4 Be7 19. Bg3 Nh5 20. Ne4 Nxg3 21. hxg3
Nf6 22. Qe2 Nxe4 23. Bxe4 Bxe4 24. Qxe4 Qc7 25. Qf4 Kg7 26. Ng5 Bxg5 27. Qxg5
Ra8 28. Re4 h6 29. Qf4 b5 30. d5 e5 31. Qd2 Reb8 32. Rb4 a5 33. Rxb5 Rxb5 34.
axb5 Qc4 35. b6 Qb5 36. b4 Qxb6 37. c4 a4 38. Qc3 f6 39. c5 Qc7 40. c6 Kf7 41.
b5 a3 42. Rxa3 Rxa3 43. Qxa3 Qb6 44. Qa6 Qd4 45. Qb7+ Kf8 46. Qc8+ Kg7 47. c7
f5 48. Qd7+ Kf6 49. Qd8+ 1-0

[Event "WA Class 2006 - A Section"]
[Site "Seattle"]
[Date "2006.11.26"]
[Round "6"]
[White "Wilson, Matthew"]
[Black "Ummel, Igor"]
[Result "1/2-1/2"]
[WhiteElo "1789"]
[BlackElo "1648"]
[PlyCount "61"]
[EventDate "2006.11.??"]
[Source "Drayton Harriso"]
[SourceDate "2006.12.04"]

1. e4 c6 2. d4 d5 3. Nc3 dxe4 4. Nxe4 Bf5 5. Ng3 Bg6 6. Nf3 e6 7. h4 h6 8. h5
Bh7 9. Bd3 Bxd3 10. Qxd3 Nf6 11. c4 Bb4+ 12. Bd2 Bxd2+ 13. Qxd2 Qc7 14. O-O
Nbd7 15. Rfe1 O-O-O 16. Qc3 Kb8 17. b4 Ka8 18. a4 a5 19. bxa5 c5 20. dxc5 Nxc5
21. Ne5 Rd6 22. Ng4 Nxg4 23. Qxg7 Rhd8 24. Qxg4 Nd3 25. Rf1 Qxa5 26. Qg7 Qc7
27. Qxh6 Qxc4 28. Qh7 f5 29. Qg6 Qd5 30. Ne2 Qe5 31. Ng3 1/2-1/2

[Event "WA Class 2006 - A Section"]
[Site "Seattle"]
[Date "2006.11.25"]
[Round "4"]
[White "Gay, Daniel"]
[Black "Hosford, Michael"]
[Result "1-0"]
[WhiteElo "1867"]
[BlackElo "1829"]
[PlyCount "113"]
[EventDate "2006.11.??"]
[Source "Drayton Harriso"]
[SourceDate "2006.12.04"]

1. e4 Nc6 2. d4 d5 3. e5 Bf5 4. Nf3 e6 5. a3 h5 6. Bd3 Nge7 7. Bg5 Qd7 8. Bxe7
Bxe7 9. Bxf5 exf5 10. Qd2 O-O-O 11. Nc3 f6 12. O-O-O Na5 13. Rhe1 Nc4 14. Qd3
Rhe8 15. e6 Qc6 16. Nh4 Qb6 17. Na4 Qb5 18. Qb3 Qxb3 19. cxb3 Nd6 20. Ng6 Ne4
21. f3 Ng5 22. h4 Nh7 23. Nf4 g5 24. Nxh5 Bf8 25. Ng3 gxh4 26. Nxf5 Bd6 27. Nc5
Rg8 28. e7 Rde8 29. Ne6 Rxg2 30. Neg7 Rxg7 31. Nxg7 Rxe7 32. Rxe7 Bxe7 33. Nf5
Bf8 34. Nxh4 Bh6+ 35. Kc2 Bg5 36. Ng6 f5 37. Rh1 Nf6 38. f4 Bxf4 39. Nxf4 c6
40. Rh6 Ng4 41. Rh7 Ne3+ 42. Kd3 Nd1 43. Rh2 Kc7 44. Rd2 Nxb2+ 45. Rxb2 Kd6 46.
Re2 Kc7 47. Re5 Kb6 48. Rxf5 Kc7 49. Rf6 a5 50. b4 axb4 51. axb4 Kb6 52. Rf7
Ka6 53. Ne6 b6 54. Kc3 Kb5 55. Nc7+ Ka4 56. Rf8 Ka3 57. Ra8# 1-0

[Event "WA Class 2006 - A Section"]
[Site "Seattle"]
[Date "2006.11.26"]
[Round "5"]
[White "Grant, Peter"]
[Black "Wilson, Matthew"]
[Result "0-1"]
[WhiteElo "1944"]
[BlackElo "1789"]
[PlyCount "86"]
[EventDate "2006.11.??"]
[Source "Drayton Harriso"]
[SourceDate "2006.12.04"]

1. e4 c5 2. Nf3 a6 3. d4 cxd4 4. Nxd4 Nf6 5. Nc3 e5 6. Nf3 Nc6 7. a3 h6 8. Bc4
Be7 9. O-O O-O 10. Be3 b5 11. Ba2 d6 12. h3 Be6 13. Bxe6 fxe6 14. Re1 Qe8 15.
Nh2 Qh5 16. Qxh5 Nxh5 17. Rad1 Rac8 18. g3 Na5 19. Kg2 Nc4 20. Bc1 Nxa3 21. Re2
Nc4 22. b3 Na5 23. Bb2 Nc6 24. Nf3 Rxf3 25. Kxf3 Nd4+ 26. Rxd4 exd4 27. Na2 e5
28. Nb4 a5 29. Nd5 Kf7 30. Nxe7 Kxe7 31. h4 Nf6 32. Kg2 Nd7 33. f4 Nb6 34. f5
a4 35. g4 d3 36. cxd3 axb3 37. d4 Rc2 38. Rxc2 bxc2 39. dxe5 dxe5 40. Ba3+ Kf7
41. Kf2 Nc4 42. Bc1 b4 43. Ke2 b3 0-1

[Event "WA Class 2006 - A Section"]
[Site "Seattle"]
[Date "2006.11.25"]
[Round "4"]
[White "Wilson, Matthew"]
[Black "Polich, Duane"]
[Result "0-1"]
[WhiteElo "1789"]
[BlackElo "1939"]
[PlyCount "114"]
[EventDate "2006.11.??"]
[Source "Drayton Harriso"]
[SourceDate "2006.12.04"]

1. e4 g6 2. d4 d6 3. Nc3 Bg7 4. g3 c6 5. Bg2 Qc7 6. Nge2 e5 7. h3 Nf6 8. O-O
O-O 9. a4 b6 10. Re1 Bb7 11. Be3 Qe7 12. Qd2 Nbd7 13. Bg5 Rfe8 14. Rad1 Rad8
15. d5 c5 16. Ra1 a6 17. Reb1 Qf8 18. b4 h6 19. bxc5 dxc5 20. Be3 Kh7 21. Nd1
Ra8 22. Nb2 b5 23. axb5 axb5 24. Nd1 Rxa1 25. Rxa1 Ra8 26. Rb1 Ba6 27. Nec3 b4
28. Ne2 Qd6 29. c3 Rb8 30. cxb4 cxb4 31. Nc1 Bf8 32. f3 Bc4 33. Bf1 Bxf1 34.
Kxf1 Qa6+ 35. Kg2 Ne8 36. Qd3 Nc7 37. Qxa6 Nxa6 38. Nb3 Nac5 39. Nxc5 Nxc5 40.
Nb2 Kg8 41. Kf2 Ra8 42. Rc1 Nb3 43. Rc2 Ra2 44. Re2 Nc5 45. Bc1 b3 46. f4 Bd6
47. Kf3 f6 48. Nc4 Nd3 49. Bb2 Nxb2 50. Nxd6 Na4 51. Nc4 Rxe2 52. Kxe2 b2 53.
Nd2 Nc3+ 54. Kd3 b1=Q+ 55. Nxb1 Nxb1 56. fxe5 fxe5 57. Kc4 Kf7 0-1

[Event "WA Class 2006 - A Section"]
[Site "Seattle"]
[Date "2006.11.25"]
[Round "3"]
[White "Polich, Duane"]
[Black "Grant, Peter"]
[Result "1-0"]
[WhiteElo "1939"]
[BlackElo "1944"]
[PlyCount "77"]
[EventDate "2006.11.??"]
[Source "Drayton Harriso"]
[SourceDate "2006.12.04"]

1. b3 e5 2. Bb2 Nc6 3. e3 d6 4. d4 exd4 5. exd4 Nf6 6. Nf3 Bg4 7. Be2 d5 8. O-O
Be7 9. Ne5 Bxe2 10. Qxe2 O-O 11. Nd2 Re8 12. f4 Bf8 13. Rae1 a5 14. a3 a4 15.
b4 Qd6 16. Qd3 Qd8 17. Qf3 Ne7 18. g4 Ng6 19. g5 Ne4 20. Nxe4 dxe4 21. Rxe4 Ra6
22. Ree1 Qc8 23. f5 Nxe5 24. dxe5 Qd8 25. Qg4 Rc6 26. Rd1 Qe7 27. c4 g6 28. f6
Qe6 29. Rf4 Qxg4+ 30. Rxg4 h6 31. h4 h5 32. Rf4 Rce6 33. Rd7 c5 34. b5 b6 35.
Rf2 Rxe5 36. Bxe5 Rxe5 37. Rd8 Re4 38. Rfd2 Rxh4 39. Rxf8+ 1-0

[Event "WA Class 2006 - A Section"]
[Site "Seattle"]
[Date "2006.11.25"]
[Round "4"]
[White "Omori, Michael"]
[Black "Milner, Arik"]
[Result "0-1"]
[WhiteElo "1646"]
[BlackElo "1800"]
[PlyCount "87"]
[EventDate "2006.11.??"]
[Source "Drayton Harriso"]
[SourceDate "2006.12.04"]

1. e4 c6 2. c4 d5 3. exd5 cxd5 4. cxd5 Nf6 5. Nc3 Nxd5 6. Bc4 Nxc3 7. dxc3
Qxd1+ 8. Kxd1 Nc6 9. Bd2 Bg4+ 10. f3 Bh5 11. Ne2 O-O-O 12. Nf4 Ne5 13. Be2 Bg6
14. Nxg6 hxg6 15. Kc2 e6 16. Be3 a6 17. h3 Nc6 18. Rad1 Bd6 19. Rd2 Ne7 20. Bc4
b5 21. Bb3 Nf5 22. Bf2 Bf4 23. Rxd8+ Rxd8 24. Rd1 Re8 25. g4 Ne7 26. a4 Nc6 27.
axb5 axb5 28. Bd4 Rh8 29. Rh1 Be5 30. Bf2 Bf6 31. f4 Nd8 32. c4 bxc4 33. Bxc4
Be7 34. g5 Bd6 35. Be3 Rh4 36. Ba6+ Nb7 37. Rd1 Bxf4 38. Bf2 Rxh3 39. Bxb7+
Kxb7 40. Rd7+ Kc6 41. Rxf7 Bxg5 42. Bd4 Rh2+ 43. Kb3 Kd5 44. Bxg7 0-1

[Event "WA Class 2006 - A Section"]
[Site "Seattle"]
[Date "2006.11.25"]
[Round "3"]
[White "Gaciu, Vlad"]
[Black "Opalewski, Brian"]
[Result "0-1"]
[WhiteElo "1880"]
[BlackElo "1726"]
[PlyCount "76"]
[EventDate "2006.11.??"]
[Source "Drayton Harriso"]
[SourceDate "2006.12.04"]

1. e4 c5 2. f4 g6 3. Nf3 Bg7 4. Be2 Nc6 5. c3 e6 6. Na3 a6 7. Nc2 Nge7 8. d4
cxd4 9. Ncxd4 d5 10. e5 O-O 11. O-O Bd7 12. g4 f6 13. exf6 Bxf6 14. Be3 Rc8 15.
h4 Kh8 16. g5 Bg7 17. h5 gxh5 18. Nxc6 Nxc6 19. Nd4 Qe7 20. Nxc6 Bxc6 21. Bd3
Be8 22. Qc2 d4 23. Bc1 dxc3 24. b3 b5 25. Bxh7 Bd4+ 26. Kh2 Qxh7 27. Qd1 Rd8
28. Be3 Bb6 29. Qe2 Bxe3 30. Qxe3 Rd2+ 31. Kg1 Qd3 32. Qe5+ Kg8 33. f5 exf5 34.
Rf2 Rxf2 35. Kxf2 Qd2+ 36. Kf1 c2 37. Qb2 b4 38. Kg1 Bc6 0-1

[Event "WA Class 2006 - A Section"]
[Site "Seattle"]
[Date "2006.11.26"]
[Round "5"]
[White "Ummel, Igor"]
[Black "Caluza, Severo"]
[Result "1-0"]
[WhiteElo "1648"]
[BlackElo "1834"]
[PlyCount "65"]
[EventDate "2006.11.??"]
[Source "Drayton Harriso"]
[SourceDate "2006.12.04"]

1. f4 Nf6 2. Nf3 d5 3. e3 Bf5 4. b3 e6 5. Bb2 Be7 6. Be2 Nc6 7. Bb5 O-O 8. Bxc6
bxc6 9. Ne5 Qe8 10. d3 Bb4+ 11. Nd2 a5 12. a4 Ra6 13. O-O Qa8 14. h3 h5 15. Kf2
Qa7 16. Rg1 Bc5 17. Qe2 Rd8 18. g4 hxg4 19. hxg4 Bg6 20. Rh1 Bd6 21. Nxg6 fxg6
22. g5 Nh5 23. Rxh5 Bxf4 24. Bd4 c5 25. Bxg7 Bxe3+ 26. Kxe3 Kxg7 27. Rh7+ Kxh7
28. Qh2+ Kg7 29. Qh6+ Kf7 30. Qh7+ Ke8 31. Rf1 Rd7 32. Qxg6+ Ke7 33. Qf6+ 1-0

[Event "WA Class 2006 - B Section"]
[Site "Seattle"]
[Date "2006.11.26"]
[Round "6"]
[White "Countryman, Zachary"]
[Black "Warrier, Krishnan V"]
[Result "0-1"]
[WhiteElo "1659"]
[BlackElo "1623"]
[PlyCount "69"]
[EventDate "2006.11.??"]
[Source "Drayton Harriso"]
[SourceDate "2006.12.04"]

1. e4 d6 2. d4 Nf6 3. Nc3 g6 4. Bd3 Bg7 5. Nge2 Nbd7 6. f3 e5 7. d5 a5 8. Be3
c6 9. Qd2 O-O 10. Bh6 Nxe4 11. Bxe4 Qh4+ 12. g3 Qxh6 13. Qxh6 Bxh6 14. dxc6
bxc6 15. Bxc6 Rb8 16. Rb1 Nf6 17. O-O Be6 18. Rfd1 Rfc8 19. Ba4 d5 20. f4 d4
21. fxe5 dxc3 22. exf6 Bxa2 23. b3 Bxb1 24. Rxb1 Rb6 25. Rf1 Bg5 26. Rf3 Rxf6
27. Rd3 Bd2 28. Rd5 Ra8 29. Rd3 Rc8 30. Kg2 Rc5 31. Ng1 Re5 32. Rd8+ Kg7 33.
Rd3 Re1 34. Nf3 Re2+ 35. Kh3 0-1